| 000 | 00949cam a2200265 4500 | ||
|---|---|---|---|
| 001 | 749 | ||
| 003 | BD-RjUL | ||
| 005 | 20211208233226.0 | ||
| 008 | 161127s1972 alu bc 000 0 eng | ||
| 020 | _a0817395121 | ||
| 035 | _a(BD-RjUL)769 | ||
| 040 |
_aDLC _cDLC _dDLC _dBD-RjUL _beng |
||
| 041 | _aeng | ||
| 082 | 0 | 0 |
_a016.917265 _223 _bBIC 1972 |
| 100 |
_aBingham, Marie Ballew _9167356 |
||
| 245 | 1 | 2 |
_aA catalog of the Yucatán collection on microfilm in the University of Alabama libraries / _cPrepared by Marie Ballew Bingham ; With an introduction by W. Stanley Hoole. |
| 260 |
_aAlabama : _bUniversity of Alabama Press, _cc1972. |
||
| 300 |
_a[10], 100 p. ; _c27 cm. |
||
| 650 |
_aMicrofilms _xCatalogs. _9167357 |
||
| 651 | 0 |
_aYucatán (Mexico : State) _xBibliography _xCatalogs. _92232 |
|
| 700 |
_aHoole, W. Stanley, Introducer _9167358 |
||
| 710 |
_aUniversity of Alabama Libraries. _9167359 |
||
| 942 |
_2ddc _cREF |
||
| 999 |
_c749 _d749 |
||